Determinantes nacionales del comercio intraindustrial en Argentina (Registro nro. 31592)

Detalles MARC
000 -LEADER
fixed length control field 00445 a2200133 4500
001 - CONTROL NUMBER
control field ART_34370
005 - DATE AND TIME OF LATEST TRANSACTION
control field 20260410162004.0
008 - FIXED-LENGTH DATA ELEMENTS--GENERAL INFORMATION
fixed length control field 260409a
100 1# - MAIN ENTRY--PERSONAL NAME
Personal name Calá, Carla Daniela
245 10 - TITLE STATEMENT
Title Determinantes nacionales del comercio intraindustrial en Argentina
700 1# - ADDED ENTRY--PERSONAL NAME
Personal name De Cicco, Javier Alfredo
700 1# - ADDED ENTRY--PERSONAL NAME
Personal name Berges, Miriam
773 0# - HOST ITEM ENTRY
Title Revista de economía y estadística
Related parts - Vol. XLIX, Nº 2 (dic. 2011)
Record control number REV34359

No hay ítems disponibles.